<?xml version="1.0" encoding="UTF-8"?><?xml-stylesheet type="text/xsl" href="static/style.xsl"?><OAI-PMH xmlns="http://www.openarchives.org/OAI/2.0/" xmlns:xsi="http://www.w3.org/2001/XMLSchema-instance" xsi:schemaLocation="http://www.openarchives.org/OAI/2.0/ http://www.openarchives.org/OAI/2.0/OAI-PMH.xsd"><responseDate>2026-04-17T00:38:32Z</responseDate><request verb="GetRecord" identifier="oai:www.recercat.cat:2445/23759" metadataPrefix="marc">https://recercat.cat/oai/request</request><GetRecord><record><header><identifier>oai:recercat.cat:2445/23759</identifier><datestamp>2025-11-20T10:52:46Z</datestamp><setSpec>com_2072_1057</setSpec><setSpec>col_2072_478857</setSpec><setSpec>col_2072_478917</setSpec></header><metadata><record xmlns="http://www.loc.gov/MARC21/slim" xmlns:dcterms="http://purl.org/dc/terms/" xmlns:xsi="http://www.w3.org/2001/XMLSchema-instance" xmlns:doc="http://www.lyncode.com/xoai" xsi:schemaLocation="http://www.loc.gov/MARC21/slim http://www.loc.gov/standards/marcxml/schema/MARC21slim.xsd">
   <leader>00925njm 22002777a 4500</leader>
   <datafield ind2=" " ind1=" " tag="042">
      <subfield code="a">dc</subfield>
   </datafield>
   <datafield ind2=" " ind1=" " tag="720">
      <subfield code="a">Padró i Parcerisa, Josep, 1946-</subfield>
      <subfield code="e">author</subfield>
   </datafield>
   <datafield ind2=" " ind1=" " tag="260">
      <subfield code="c">2012-04-16T09:22:20Z</subfield>
   </datafield>
   <datafield ind2=" " ind1=" " tag="260">
      <subfield code="c">2012-04-16T09:22:20Z</subfield>
   </datafield>
   <datafield ind2=" " ind1=" " tag="260">
      <subfield code="c">1969</subfield>
   </datafield>
   <datafield ind2=" " ind1=" " tag="520">
      <subfield code="a">Hace ya tiempo que se tiene noticia, por las fuentes egipcias, de las relaciones que existían entre Egipto y el mundo egeo en el segundo milenio. Por las arqueológicas se sabe qué artículos manufacturados de procedencia cretense llegaban al país del Nilo, como mínimo, ya en el Imperio Medio; por los textos egipcios sabemos que había relaciones pacíficas, aunque basadas en la superioridad egipcia, entre ambos países, particularmente importantes, por ejemplo, en el reinado de Thutmés III; estas relaciones acabaron por convertirse en hostiles a fines del Imperio Nuevo, cuando los «Akauas» (¿Achaiói?), junto a otros múltiples pueblos, los «Pueblos del Mar», emigraron de sus países de origen y atacaron Egipto por tierra y por mar, enfrentándose a las fuerzas de Mineptah (h. 1230) y de Ramsés III (h. 1194, 1191 y 1188), por quien fueron definitivamente derrotados.</subfield>
   </datafield>
   <datafield tag="653" ind2=" " ind1=" ">
      <subfield code="a">Història antiga</subfield>
   </datafield>
   <datafield tag="653" ind2=" " ind1=" ">
      <subfield code="a">Civilització grega</subfield>
   </datafield>
   <datafield tag="653" ind2=" " ind1=" ">
      <subfield code="a">Ancient history</subfield>
   </datafield>
   <datafield tag="653" ind2=" " ind1=" ">
      <subfield code="a">Greek civilization</subfield>
   </datafield>
   <datafield ind2="0" ind1="0" tag="245">
      <subfield code="a">Algunas Consideraciones sobre las primeras relaciones griegas con Egipto</subfield>
   </datafield>
</record></metadata></record></GetRecord></OAI-PMH>